000 00377 a2200145 4500
005 20250610130549.0
020 _a978-1-292-25789-1
082 _a658.7 CHO
100 _aCHOPRA, S.
245 _aSupply Chain Management: Strategy, Planning and Operation.
250 _a7th Ed
260 _aEngland,
_bPearson,
_c2019.
300 _a528p.: ill.;
_bIndex
_c25cm.
942 _2ddc
_cBKS
999 _c3615
_d3615